000 01256nam a2200349 c 4500
003 BLK
005 20250521111020.0
008 180411b bul|||||r ||||||| ||bul||
010 _aKNG00187229000
020 _a978-954-655-667-7
_bиздат.: Бард
040 _aBLK
041 _aBUL
_cBUL
072 7 _2bullib
_aН83
_xЧужда художествена литература Н
080 _aАнглийска литература
_b821.111
_x-31
_z821.111-31
700 _aШелдън, Сидни
_eпо
_9243637
100 1 _aБагшоу, Тили
_eпърви автор
_935160
139 _aБагшоу, Тили
_bБ 13
245 1 0 _aБезразсъдно
_bРоман
_cпо Сидни Шелдън; Тили Багшоу.
257 _aGBR
260 София
_bБард
_c2016
_fСофия : Алианс принт
300 _a416 с.
_c20 см
380 _aX
500 _aОриг. загл. Sidney Sheldon's Reckless / Tilly Bagshawe.
653 _aромани
659 _aН
852 _aЦб 280045
856 4 _qpdf
_u
856 4 _qpdf
_u
942 _cKNG
_n0
_0112
944 _aCR
_c29.03.2016
_lЦветелина Шанова
_k30531
944 _aED
_c12.06.2017
_lф /
_kПенка_Димитрова
999 _c178498
_d178498